00602nam a2200157Ia 4500008004100000100002500041245006900066245006900135260005300204260000900257300001000266650001500276856006100291999001900352952007300371170221s9999 xx 000 0 und d aNor Aziza Abdul Aziz aIssues and Problems in Ethical Practices amongst Takaful Agents  cNor Aziza Abdul Aziz, Abdullah Haji Abdul Ghani, Hasnizam Shaari bInternational Review of Management and Marketing c2012 a2 : 1 xMarketing. uhttp://www.econjournals.com/index.php/irmm/issue/view/77 c314028d314028 001040aCLbCLd2017-02-21l0r2017-02-21 00:00:00w2017-02-21yFOJ